The Routledge introduction to theatre and performance studies / (Record no. 19875)
[ view plain ]
| 000 -LEADER | |
|---|---|
| fixed length control field | 01877cam a2200397 i 4500 |
| 001 - CONTROL NUMBER | |
| control field | 17855801 |
| 003 - CONTROL NUMBER IDENTIFIER | |
| control field | EG-ScBUE |
| 005 - DATE AND TIME OF LATEST TRANSACTION | |
| control field | 20230402102854.0 |
| 008 - FIXED-LENGTH DATA ELEMENTS--GENERAL INFORMATION | |
| fixed length control field | 130816s2014 enka f b 001 0 eng d |
| 020 ## - INTERNATIONAL STANDARD BOOK NUMBER | |
| International Standard Book Number | 9780415504201 (pbk : alk. paper) |
| 040 ## - CATALOGING SOURCE | |
| Original cataloging agency | DLC |
| Language of cataloging | eng |
| Description conventions | rda |
| Transcribing agency | DLC |
| Modifying agency | DLC |
| -- | EG-ScBUE |
| 041 1# - LANGUAGE CODE | |
| Language code of text/sound track or separate title | eng |
| Language code of original and/or intermediate translations of text | ger |
| 082 04 - DEWEY DECIMAL CLASSIFICATION NUMBER | |
| Classification number | 792 |
| Edition number | 22 |
| Item number | FIS |
| 100 1# - MAIN ENTRY--PERSONAL NAME | |
| Personal name | Fischer-Lichte, Erika, |
| Relator term | author. |
| 9 (RLIN) | 38427 |
| 240 10 - UNIFORM TITLE | |
| Uniform title | <a href="Theaterwissenschaft.">Theaterwissenschaft.</a> |
| Language of a work | English |
| 245 14 - TITLE STATEMENT | |
| Title | The Routledge introduction to theatre and performance studies / |
| Statement of responsibility, etc | Erika Fischer-Lichte ; edited by Minou Arjomand and Ramona Mosse ; translated by Minou Arjomand. |
| 264 #1 - PUBLICATION, DISTRIBUTION, ETC. (IMPRINT) | |
| Place of publication, distribution, etc | Oxon ; |
| -- | New York : |
| Name of publisher, distributor, etc | Routledge / Taylor & Francis Group, |
| Date of publication, distribution, etc | 2014. |
| 300 ## - PHYSICAL DESCRIPTION | |
| Extent | xi, 201 pages : |
| Other physical details | illustrations ; |
| Dimensions | 24 cm |
| 336 ## - CONTENT TYPE | |
| Source | rdacontent |
| Content type term | text |
| Content type code | txt |
| 337 ## - MEDIA TYPE | |
| Source | rdamedia |
| Media type term | unmediated |
| Media type code | n |
| 338 ## - CARRIER TYPE | |
| Source | rdacarrier |
| Carrier type term | volume |
| Carrier type code | nc |
| 504 ## - BIBLIOGRAPHY, ETC. NOTE | |
| Bibliography, etc | Includes bibliographical references and index.<br/> |
| 505 0# - FORMATTED CONTENTS NOTE | |
| Formatted contents note | Preface -- Prologue: is everything theatre? -- Central concepts for theatre and performance research. The concept of theatre -- The history of the discipline -- The concept of performance -- Fields, theories, and methods. Performance analysis -- Theatre historiography -- Theorizing theatre and performance -- Pushing boundaries. Interweaving cultures in performance -- Performing the arts -- Cultural performances -- Epilogue: Is everything theatre?. |
| 546 ## - LANGUAGE NOTE | |
| Language note | text in English ; translated from original German. |
| 650 #7 - SUBJECT ADDED ENTRY--TOPICAL TERM | |
| Topical term or geographic name as entry element | Theater. |
| Source of heading or term | BUEsh |
| 650 #7 - SUBJECT ADDED ENTRY--TOPICAL TERM | |
| Topical term or geographic name as entry element | Theater |
| General subdivision | Research. |
| Source of heading or term | BUEsh |
| 650 #7 - SUBJECT ADDED ENTRY--TOPICAL TERM | |
| Topical term or geographic name as entry element | Performing arts. |
| Source of heading or term | BUEsh |
| 650 #7 - SUBJECT ADDED ENTRY--TOPICAL TERM | |
| Topical term or geographic name as entry element | Performing arts |
| General subdivision | Research. |
| Source of heading or term | BUEsh |
| 651 ## - SUBJECT ADDED ENTRY--GEOGRAPHIC NAME | |
| Source of heading or term | BUEsh |
| 653 ## - INDEX TERM--UNCONTROLLED | |
| Resource For college | Communication and mass media |
| Arrived date list | June2015 |
| -- | September2015 |
| 655 ## - INDEX TERM--GENRE/FORM | |
| Form subdivision | Reading book |
| 700 1# - ADDED ENTRY--PERSONAL NAME | |
| Personal name | Mosse, Ramona, |
| Relator term | editor. |
| 700 1# - ADDED ENTRY--PERSONAL NAME | |
| Personal name | Arjomand, Minou, |
| Relator term | editor. |
| 700 1# - ADDED ENTRY--PERSONAL NAME | |
| Personal name | Arjomand, Minou |
| Relator term | translator. |
| 942 ## - ADDED ENTRY ELEMENTS (KOHA) | |
| Source of classification or shelving scheme | Dewey Decimal Classification |
| Koha item type | Book - Borrowing |
| Withdrawn status | Lost status | Source of classification or shelving scheme | Damaged status | Not for loan | Collection code | Home library | Current library | Shelving location | Date acquired | Source of acquisition | Cost, normal purchase price | Serial Enumeration / chronology | Total Checkouts | Total Renewals | Full call number | Barcode | Date last seen | Date checked out | Cost, replacement price | Koha item type |
|---|---|---|---|---|---|---|---|---|---|---|---|---|---|---|---|---|---|---|---|---|
| Dewey Decimal Classification | Alahram | Central Library | Central Library | Second Floor | 24/06/2015 | Purchase | 264.00 | 313 | 2 | 50 | 792 FIS | 000038691 | 19/11/2025 | 08/10/2024 | 330.00 | Book - Borrowing |